000 00779nam a2200217 a 4500
008 071123s2002 ||||||||||||||||| || u
020 _a0750653000
050 _aTS 250 Mar
100 _aDuncan, J. L
245 1 0 _aMechanics of sheet metal forming
_cZ. Marciniak; J. L.Duncan ; S. J. Hu
260 _aOxford
_bButterworth-Heinemann
_c2002
300 _axx, 211p.: ill.
350 _a0.00
650 _aMECHANICS
650 _aPlasticity
650 _aPLATES(ENGINEERING)--PLASTIC PROPERTIES
650 _aSHEET-METAL WORK--MATHEMATICAL MODELS
700 _aMarciniak, Z
700 _aHu, S. J
995 _D0.00
_FCBU-MAIN LIBRARY (Kitwe)
_H1
_I0.00
_M1
_UAVAILABLE
_WNov 23, 2007
_ZMain Library Open Access Collection
999 _c50921
_d50921